000 00865cad a22002055a 4500
001 E148173
008 090811s2009 xxkad f s 000 0 eng d
035 _a(Sirsi) u148173
041 0 _aeng
050 0 4 _a333.33 $2 18
110 2 _aGVA Grimley
_93646
245 0 0 _aCities, commerce and carbon
_bthe role of property
_h[electronic resource]
260 _aLondon
_bGVA Grimley
_c2009
520 _aDiscusses the performance of the major UK commercial cities in relation to property, carbon emission levels and waste production, in order to assess any changes since previous reports and to highlight best practice.
590 _aKA
651 4 _aUnited Kingdom
_y
690 _aENVIRONMENTAL AND LAND CONSULTANCY-SUSTAINABILITY
856 4 0 _uhttps://www.gvagrimley.co.uk/
_zView this report free of charge under research at www.gvagrimley.co.uk...
942 _n0
999 _c109932
_d109932